|
|
|
|
| LEADER |
00000nam0a2200000 4500 |
| 001 |
184908 |
| 005 |
20231031172535.0 |
| 020 |
|
|
|a RU
|b 84-24987
|
| 035 |
|
|
|a (RuTPU)RU\TPU\book\200540
|
| 090 |
|
|
|a 184908
|
| 100 |
|
|
|a 20100925d1984 km y0rusy5003 ca
|
| 101 |
1 |
|
|a rus
|c eng
|
| 102 |
|
|
|a RU
|
| 105 |
|
|
|a a z 001zy
|
| 200 |
1 |
|
|a Глобальная тектоническая позиция минеральных месторождений
|e пер. с англ.
|f А. Г. Ж. Митчелл, М. С. Гарсон
|
| 210 |
|
|
|a Москва
|c Мир
|d 1984
|
| 215 |
|
|
|a 496 с.
|c ил., карт.
|
| 320 |
|
|
|a Библиогр.: с. 438-470.
|
| 320 |
|
|
|a Предметный указатель: с. 471-480.
|
| 320 |
|
|
|a Указатель географических названий: с. 481-488.
|
| 320 |
|
|
|a Именной указатель: с. 489-495.
|
| 610 |
1 |
|
|a тектоника
|
| 610 |
1 |
|
|a рудные месторождения
|
| 610 |
1 |
|
|a металлогенический анализ
|
| 610 |
1 |
|
|a плиты
|
| 610 |
1 |
|
|a рудообразование
|
| 610 |
1 |
|
|a рифты
|
| 610 |
1 |
|
|a авлакогены
|
| 610 |
1 |
|
|a формирование
|
| 610 |
1 |
|
|a тектонические зоны
|
| 610 |
1 |
|
|a генезис
|
| 610 |
1 |
|
|a гидротермальные месторождения
|
| 610 |
1 |
|
|a магматические месторождения
|
| 610 |
1 |
|
|a оруденение
|
| 675 |
|
|
|a 553.3/.4:551.24
|z rus
|
| 700 |
|
1 |
|a Митчелл
|b А. Г. Ж.
|4 070
|
| 701 |
|
1 |
|a Гарсон
|b М. С.
|4 070
|
| 801 |
|
0 |
|a RU
|b RuMRKP
|c 19950704
|g psbo
|
| 801 |
|
1 |
|a RU
|b 63413507
|c 20100925
|
| 801 |
|
2 |
|a RU
|b 63413507
|c 20150505
|g RCR
|
| 942 |
|
|
|c BK
|